01361nam a22003137a 4500003000900000005001700009007000300026008004100029020001800070040002500088082003000113100003500143245003800178250001300216260004600229300002100275500006400296586003500360590002800395650002700423650003100450650004600481910004700527942001400574952014400588952014900732952014900881999001701030DO-SdBNP20240530073926.0ta081218t2021 dr 000 f spa d a9789945100136 aDO-SdBNPbspacBNPHU 4aRD863.44bS787t, 20212221 aStanley, Avelino,d1959-9153610aTiempo muerto /cAvelino Stanley. a21a. ed. aSanto Domingo :bCocolo Editorial,c2021. a161 p. ;c23 cm. aIncluye datos biográficos del autor en la contraportada.  aPremio Nacional de Novela 1996 aInventariado, 2022 / YL 0aNovela dominicana9223 0aLiteratura dominicana.967 4aNegroszCaribe (Región)xNovelas975627 aYLockward/Validado. Control de calidad MFF 2ddccLBS1 00102ddc53708PDaBNPHUbBNPHUcHDd2022-02-01eDepósito Legal oBNPHU PD RD863.44 S787t 2021p2022-1644r2022-04-28w2022-04-28yLBS1 00102ddc53708PDaBNPHUbBNPHUcHDd2022-02-01eDepósito Legal oBNPHU PD RD863.44 S787t 2021p2022-1645r2022-04-28te.2w2022-04-28yLBS1 00102ddc56708PDaBNPHUbBNPHUcHDd2022-02-01eDepósito Legal oBNPHU DS RD863.44 S787t 2021p2022-1646r2022-04-28te.3w2022-04-28yLBS1 c51608d51608